000
00341nam a22001457a 4500
008
210526b ||||| |||| 00| 0 eng d
020
_a
9780321826183
041
_a
eng
080
_2
5th
_a
510
082
_a
510
100
_a
36
101
_a
MAT
245
_a
College Algebra With Modeling and Visualization
_c
Atwood,D
942
_2
udc
_c
BK
999
_c
57627
_d
57627